000 00480nam a2200193Ia 4500
003 OSt
005 20221007082651.0
006 a|||||r|||| 00| 0
007 ta
008 221006b |||||||| |||| 00| 0 eng d
024 _a23,565
037 _cTextual
040 _aFLL
_cFLL
_beng
041 _2eng
_aeng
100 _aAnderson J.N.D.
_930059
245 0 _aConceptions of law
_b Islamic and western.
942 _cTEXL
_2CC
999 _c1167292
_d1167292